| 000 | 01370nam a22003374i 4500 | ||
|---|---|---|---|
| 001 | 768714001 | ||
| 003 | CO-MdFUSB | ||
| 005 | 20240227161610.0 | ||
| 008 | 180901t1996 xxk||||| |||| 00| 0 eng d | ||
| 020 |
_a083081231 _q8 |
||
| 040 |
_aCO-MdFUSB _bspa _cCO-MdFUSB _dCO-MdFUSBC _erda |
||
| 041 | _aeng | ||
| 082 |
_223 _a226.307 _bEN58 |
||
| 100 |
_aEnglish, Donald _eautor |
||
| 245 | 1 | 4 |
_aThe message of Mark _b: the mistery of faith _c/ Donald English ; editado por John R. W. Stott |
| 264 | 1 |
_aLeicester, Inglaterra : _bIntervarsity Press, _c[1992] |
|
| 264 | 4 | _c©1992 | |
| 300 |
_a254 páginas ; _c21 cm |
||
| 336 |
_2rdacontent _atexto _btxt |
||
| 337 |
_2rdamedia _asin mediación _bn |
||
| 338 |
_2rdacarrier _avolumen _bnc |
||
| 490 | _aThe Bible Speaks Today | ||
| 504 | _aIncluye bibliografía (página 11) | ||
| 505 | _aEl Comienzo (1:1-13). -- El ministerio se abre (1:14-3:6). --Palabras y semillas en galilea (3:7-6:13). --Alcance misionero más allá de Galilea a pesar de las limitaciones de los discípulos (6:14-8:26). --Yendo a Jerusalén (8:27-10:52). -- Jesús entra en Jerusalén (11:17-13:37). --Pasión y resurrección (14:1-16:20). | ||
| 563 | _aTapa rústicas | ||
| 630 | 7 |
_aBiblia. _pMarcos _xCrítica, interpretación, etc. |
|
| 700 |
_aStott, John RW _eeditor |
||
| 942 | _cBK | ||
| 945 | _aJTF-925 | ||
| 999 |
_c64474 _d64474 |
||